[Event "Commonwealth Chess Championship 2008"]
[Site "Nagpur India"]
[Date "2008.10.03"]
[Round "?"]
[White "Nikil P, Shyam"]
[Black "M  S, Thejkumar"]
[Result "0-1"]
[WhiteElo "2364"]
[BlackElo "2441"]
[PlyCount "74"]
[EventDate "2008.09.28"]
[Source "MonRoi"]

1. Nf3 Nf6 2. c4 e6 3. b3 d5 4. e3 Be7 5. Bb2 O-O 6. d4 c5 7. Nbd2 cxd4 8. exd4
Nc6 9. Be2 b6 10. O-O Bb7 11. Rc1 Rc8 12. Bd3 Rc7 13. a3 a5 14. Qc2 h6 15. Qb1
Qa8 16. Rfe1 Rd8 17. Bf1 Bf8 18. Rc2 Rcc8 19. Qa1 a4 20. c5 bxc5 21. dxc5 axb3
22. Nxb3 Ne4 23. Nfd4 Nxd4 24. Bxd4 Bc6 25. f3 Ng5 26. h4 Nh7 27. Re3 Rb8 28.
Rc1 Qa4 29. Nd2 Be7 30. Bxg7 Qxh4 31. Be5 Bg5 32. Re2 d4 33. g3 Qh5 34. g4 Qg6
35. Bg2 Qd3 36. f4 Qxe2 37. Bxc6 Qxd2 0-1

[Event "Commonwealth Chess Championship 2008"]
[Site "Nagpur India"]
[Date "2008.10.03"]
[Round "?"]
[White "D P, Singh"]
[Black "Swayangsu, Satyapragyan"]
[Result "1-0"]
[WhiteElo "2299"]
[BlackElo "2414"]
[PlyCount "71"]
[EventDate "2008.09.28"]
[Source "MonRoi"]

1. d4 Nf6 2. c4 e6 3. Nf3 b6 4. e3 Bb7 5. Bd3 c5 6. O-O Be7 7. b3 a6 8. Bb2 d6
9. Nbd2 Nbd7 10. Re1 O-O 11. Rc1 Re8 12. Bf1 Bf8 13. e4 cxd4 14. Nxd4 Rc8 15.
b4 g6 16. f3 h5 17. N2b3 h4 18. a4 Nh5 19. Qd2 Bg7 20. a5 Be5 21. Ne2 Bxb2 22.
Qxb2 Ne5 23. Qd4 bxa5 24. Nxa5 Ba8 25. Qe3 Rb8 26. Rb1 Rb6 27. Nc3 Rb8 28. Red1
Qc7 29. c5 dxc5 30. Qxc5 Qxc5+ 31. bxc5 h3 32. Bxa6 hxg2 33. Kxg2 Nf4+ 34. Kg3
g5 35. Ne2 Nxe2+ 36. Bxe2 1-0

[Event "Commonwealth Chess Championship 2008"]
[Site "Nagpur India"]
[Date "2008.10.03"]
[Round "?"]
[White "Aleksandar H, Wohl"]
[Black "Sohan, Phadke"]
[Result "1/2-1/2"]
[WhiteElo "2384"]
[BlackElo "2283"]
[PlyCount "70"]
[EventDate "2008.09.28"]
[Source "MonRoi"]

1. d4 d5 2. Bf4 Nf6 3. e3 e6 4. Nf3 c5 5. c3 a6 6. Nbd2 Bd6 7. Bg3 Nc6 8. Bd3
b5 9. dxc5 Bxc5 10. b4 Bb6 11. a4 bxa4 12. Qxa4 Bd7 13. b5 Na7 14. Qxa6 O-O 15.
O-O Ne4 16. Nxe4 dxe4 17. Bxe4 Bxb5 18. Qa3 Bxf1 19. Bxa8 Bxg2 20. Kxg2 Qxa8
21. Qa6 Qc6 22. Rb1 Nc8 23. c4 h6 24. Qb5 Qe4 25. Rb4 Qc2 26. Rb2 Qc1 27. Rd2
Qa3 28. Ne5 Ba5 29. Rd7 Bb6 30. Nxf7 Rxf7 31. Rxf7 Kxf7 32. Qh5+ Kf6 33. Qf3+
Kg6 34. Qc6 Bc5 35. Qxe6+ Kh7 1/2-1/2

[Event "Commonwealth Chess Championship 2008"]
[Site "Nagpur India"]
[Date "2008.10.03"]
[Round "?"]
[White "K, Priyadharshan"]
[Black "Abhijeet, Gupta"]
[Result "1-0"]
[WhiteElo "2297"]
[BlackElo "2551"]
[PlyCount "153"]
[EventDate "2008.09.28"]
[Source "MonRoi"]

1. e4 e5 2. Nf3 Nc6 3. Bb5 Nge7 4. O-O g6 5. c3 Bg7 6. d4 exd4 7. cxd4 d5 8.
exd5 Nxd5 9. Re1+ Be6 10. Ne5 Qd6 11. Nc3 O-O 12. Ne4 Qb4 13. Bxc6 bxc6 14. Nc5
Bf5 15. a3 Qb5 16. g4 Bc8 17. a4 Qb6 18. Ra3 a5 19. Rb3 Nb4 20. Be3 Ba6 21.
Ned7 Qa7 22. Nxf8 Rxf8 23. d5 cxd5 24. Ne6 Qa8 25. Nxf8 Bxf8 26. Bf4 d4 27.
Qxd4 Qc8 28. Qd1 Bb7 29. Rbe3 Bc6 30. Rg3 Bd5 31. Re5 Qa8 32. Re1 Qc8 33. h3
Be6 34. Be5 Nd5 35. Rd3 c6 36. Qe2 Qb7 37. Rc1 Qa6 38. Qf3 Be7 39. Rb3 Bb4 40.
Rd1 Qc4 41. Rxd5 Qxd5 42. Rxb4 Qxe5 43. Re4 Qxb2 44. Qe2 Qb3 45. Qe3 Qb1+ 46.
Qe1 Qb6 47. Re5 c5 48. Qe3 Qb1+ 49. Kh2 Qb8 50. Kg2 Qb7+ 51. Kg3 Qb8 52. f4 Qb4
53. Rxc5 Qxa4 54. f5 gxf5 55. gxf5 Qb3 56. Qxb3 Bxb3 57. Rxa5 Kg7 58. Kf4 f6
59. Ra7+ Kh6 60. Rb7 Bd5 61. Rb6 Kg7 62. Rd6 Bb3 63. Rd3 Bc4 64. Rg3+ Kh6 65.
Rc3 Bd5 66. Rc5 Bb3 67. Rc6 Kg7 68. Rc7+ Kh6 69. Ke4 Ba2 70. Ra7 Bb3 71. Rb7
Ba2 72. h4 Bg8 73. Kd4 Ba2 74. Kc5 Kh5 75. Rxh7+ Kg4 76. Rg7+ Kxh4 77. Kd6 1-0

[Event "Commonwealth Chess Championship 2008"]
[Site "Nagpur India"]
[Date "2008.10.03"]
[Round "?"]
[White "Gogineni, Rohit"]
[Black "Swaminathan, Soumya"]
[Result "1-0"]
[WhiteElo "2457"]
[BlackElo "2293"]
[PlyCount "55"]
[EventDate "2008.09.28"]
[Source "MonRoi"]

1. e4 c5 2. Nf3 d6 3. d4 cxd4 4. Nxd4 Nf6 5. Nc3 e6 6. g4 h6 7. h4 Nc6 8. Rg1
h5 9. gxh5 Nxh5 10. Bg5 Qb6 11. Nb3 a6 12. Be2 Nf6 13. h5 Qc7 14. h6 Nd7 15.
hxg7 Bxg7 16. Qd2 Bf8 17. O-O-O b5 18. a3 Nce5 19. Nd4 Nb6 20. Ndxb5 axb5 21.
Nxb5 Qc6 22. Nxd6+ Bxd6 23. Qxd6 Qxd6 24. Rxd6 Ned7 25. Bb5 Kf8 26. Bd8 Rb8 27.
a4 Rh5 28. b3 1-0

[Event "Commonwealth Chess Championship 2008"]
[Site "Nagpur India"]
[Date "2008.10.03"]
[Round "?"]
[White "Pankaj, Joshi"]
[Black "K, Rathnakaran"]
[Result "1/2-1/2"]
[WhiteElo "2281"]
[BlackElo "2453"]
[PlyCount "113"]
[EventDate "2008.09.28"]
[Source "MonRoi"]

1. d4 Nf6 2. c4 c5 3. d5 e6 4. Nc3 exd5 5. cxd5 d6 6. e4 g6 7. f3 Bg7 8. Bg5 h6
9. Be3 O-O 10. Qd2 Kh7 11. Nge2 a6 12. a4 Nbd7 13. Nc1 Rb8 14. Be2 Qc7 15. O-O
c4 16. Rb1 b5 17. axb5 axb5 18. b4 Ne8 19. Bd1 f5 20. exf5 Rxf5 21. N1e2 Ndf6
22. Bc2 Qf7 23. Bxf5 Bxf5 24. Ra1 Rb7 25. Ra5 Nc7 26. Nd4 Nfxd5 27. Ncxb5 Nxb5
28. Nxb5 c3 29. Nxc3 Nxc3 30. Qxd6 Qc4 31. Re1 h5 32. Kh1 Rd7 33. Qc5 Qb3 34.
Ra7 Na4 35. Qc1 Rxa7 36. Bxa7 Qxb4 37. Bf2 Nb2 38. Bc5 Qh4 39. Be7 Qd4 40. Qe3
Qd7 41. Bh4 Nd3 42. Rf1 Bd4 43. Qe7+ Qxe7 44. Bxe7 Kh6 45. h4 Kg7 46. Kh2 Kf7
47. Bg5 Ke6 48. Rd1 Be5+ 49. Kg1 Bg3 50. Kf1 Kd5 51. Ke2 Kc4 52. Ra1 Kb3 53.
Rd1 Nb2 54. Rc1 Nd3 55. Rd1 Kc4 56. Ra1 Kb3 57. Rd1 1/2-1/2

[Event "Commonwealth Chess Championship 2008"]
[Site "Nagpur India"]
[Date "2008.10.03"]
[Round "?"]
[White "Akash, Thakur"]
[Black "Jha, Sriram"]
[Result "1/2-1/2"]
[WhiteElo "2276"]
[BlackElo "2428"]
[PlyCount "128"]
[EventDate "2008.09.28"]
[Source "MonRoi"]

1. d4 f5 2. Nc3 d5 3. Bf4 Nf6 4. Nf3 e6 5. e3 a6 6. Bd3 c5 7. O-O Nc6 8. h3 Bd6
9. Bxd6 Qxd6 10. dxc5 Qxc5 11. Na4 Qa7 12. b3 b5 13. Nb2 Rb8 14. Qd2 O-O 15. c4
bxc4 16. bxc4 d4 17. Na4 e5 18. c5 Kh8 19. Bc4 Ne4 20. Qc1 Nxc5 21. Bd5 Nxa4
22. Qxc6 Bb7 23. Qc7 Nc3 24. Bb3 Nb5 25. Qxe5 Bxf3 26. gxf3 Rbe8 27. Qf4 dxe3
28. fxe3 Rxe3 29. Kh1 h6 30. Rad1 Re2 31. a4 Qc7 32. Qxc7 Nxc7 33. Rd7 Ne6 34.
Bc4 Re3 35. Re7 Rf6 36. Rg1 f4 37. Bxe6 Rfxe6 38. Rexg7 Re1 39. Rf7 Rxg1+ 40.
Kxg1 Re2 41. Rxf4 Ra2 42. h4 h5 43. Rf5 Rxa4 44. Rxh5+ Kg7 45. Kf2 Kf6 46. Kg3
Ra1 47. Rc5 a5 48. Kg4 a4 49. Rc6+ Kg7 50. Ra6 a3 51. f4 a2 52. Kf5 Kh7 53.
Ra7+ Kh6 54. h5 Rh1 55. Rxa2 Rxh5+ 56. Kf6 Kh7 57. Ra7+ Kh6 58. f5 Rh1 59. Kf7
Kg5 60. Ra5 Rh7+ 61. Ke6 Rb7 62. f6+ Kg6 63. Ra6 Rb1 64. Ke7 Rb7+ 1/2-1/2

[Event "Commonwealth Chess Championship 2008"]
[Site "Nagpur India"]
[Date "2008.10.03"]
[Round "?"]
[White "Sharma, Himanshu"]
[Black "Javed, Mohammad"]
[Result "1/2-1/2"]
[WhiteElo "2423"]
[BlackElo "2264"]
[PlyCount "90"]
[EventDate "2008.09.28"]
[Source "MonRoi"]

1. e4 e5 2. Nf3 Nc6 3. Bb5 a6 4. Bxc6 dxc6 5. O-O Bg4 6. h3 h5 7. d3 Qf6 8.
Nbd2 Ne7 9. Re1 Ng6 10. d4 Bd6 11. hxg4 hxg4 12. Nh2 Rxh2 13. Qxg4 Qh4 14. Qxh4
Rxh4 15. Nf3 Rh5 16. dxe5 Nxe5 17. Nxe5 Bxe5 18. c3 g5 19. Be3 Ke7 20. Kf1 f6
21. Rad1 Rh2 22. Rd3 Rah8 23. Red1 Rh1+ 24. Ke2 Rxd1 25. Rxd1 g4 26. g3 Ke6 27.
Bd4 Bd6 28. c4 Rh5 29. b3 a5 30. a4 b6 31. Kd3 Be7 32. Be3 Bd6 33. Rc1 c5 34.
Rd1 Rh2 35. Rf1 Be5 36. Bd2 Bd4 37. Be3 Be5 38. Rd1 Bd6 39. Rg1 Be5 40. Rd1 Bd6
41. Rf1 Be5 42. Bd2 Bd4 43. Ke2 Be5 44. Kd3 Bd4 45. Be3 Be5 1/2-1/2

[Event "Commonwealth Chess Championship 2008"]
[Site "Nagpur India"]
[Date "2008.10.03"]
[Round "?"]
[White "Ja, Ophoff"]
[Black "S  Dhopade, Swapnil"]
[Result "1/2-1/2"]
[WhiteElo "2275"]
[BlackElo "2389"]
[PlyCount "138"]
[EventDate "2008.09.28"]
[Source "MonRoi"]

1. d4 Nf6 2. c4 c5 3. d5 b5 4. cxb5 a6 5. bxa6 g6 6. Nc3 Bxa6 7. Nf3 d6 8. g3
Bg7 9. Bg2 Nbd7 10. Rb1 O-O 11. O-O Qa5 12. Qc2 Rfb8 13. b3 Bb7 14. Bd2 Qc7 15.
e4 Ba6 16. Rfc1 Nb6 17. a4 Nfd7 18. Bf1 Bxf1 19. Kxf1 Ne5 20. Nxe5 Bxe5 21. Nb5
Qd7 22. Na3 Qh3+ 23. Kg1 Nd7 24. Nc4 Bd4 25. Be3 Bxe3 26. Nxe3 Rb4 27. Nc4 Qh5
28. Kg2 Ne5 29. Nxe5 Qxe5 30. Re1 Qg7 31. Re3 Rab8 32. Rc3 Qf8 33. Re1 Qc8 34.
h3 Qb7 35. Ree3 Kg7 36. h4 h5 37. Qd1 Qc8 38. Qd3 Qb7 39. Qd1 Qd7 40. Qc2 Qa7
41. Rc4 R4b6 42. Qd1 Qd7 43. e5 Qb7 44. exd6 exd6 45. Rcc3 Rb4 46. Red3 Re8 47.
Rc4 Rb6 48. Rf4 Re5 49. Rdf3 f5 50. Rd3 Kf7 51. Rc4 Qe7 52. Qc1 Kg7 53. Qc3 Kh7
54. b4 cxb4 55. Rxb4 Rxb4 56. Qxb4 Re4 57. Qb5 Re2 58. Qc4 Re4 59. Rd4 Re1 60.
Rd2 Re4 61. Qb3 f4 62. Qa2 fxg3 63. fxg3 Re3 64. Kh2 Qe5 65. Rg2 Re4 66. Kh1
Re1+ 67. Kh2 Re4 68. Kh1 Re1+ 69. Kh2 Re4 1/2-1/2

[Event "Commonwealth Chess Championship 2008"]
[Site "Nagpur India"]
[Date "2008.10.03"]
[Round "?"]
[White "Lanka, Ravi"]
[Black "Ramana J, Venkata"]
[Result "0-1"]
[WhiteElo "2371"]
[BlackElo "2205"]
[PlyCount "104"]
[EventDate "2008.09.28"]
[Source "MonRoi"]

1. Nf3 c5 2. g3 g6 3. Bg2 Bg7 4. O-O Nc6 5. c3 e5 6. e4 Nge7 7. d3 O-O 8. Nbd2
d6 9. a4 h6 10. Nh4 g5 11. Nhf3 Be6 12. Nc4 f5 13. Bxg5 fxe4 14. Bxe7 Nxe7 15.
Nh4 d5 16. Na3 exd3 17. Qxd3 c4 18. Qe3 Qd7 19. Nf3 Nc6 20. Rad1 Qf7 21. Nh4 d4
22. Qe4 Rad8 23. Qg6 Qxg6 24. Nxg6 Rfe8 25. Be4 Na5 26. Nb5 Bf7 27. Nh4 a6 28.
Na3 Rd7 29. Bg6 Bxg6 30. Nxg6 e4 31. Nb1 e3 32. fxe3 Rxe3 33. Nf4 b5 34. axb5
axb5 35. Na3 d3 36. Nc2 Re4 37. Nb4 Nb3 38. Kg2 Rf7 39. Rfe1 Rxe1 40. Rxe1 Ra7
41. Re8+ Kf7 42. Rd8 Bf6 43. Rd6 Be7 44. Rd5 Bxb4 45. cxb4 d2 46. Ne2 Ra2 47.
Nc3 Rxb2 48. Kf3 Rc2 49. Nd1 Rc1 50. Ne3 c3 51. Ke2 Re1+ 52. Kf2 Rxe3 0-1

[Event "COMMONWEALTH CHESS CHAMPIONSHI"]
[Site "Nagpur,India"]
[Date "2008.10.03"]
[Round "8.33"]
[White "Shashikant, Kutwal"]
[Black "Saurabh, Kherdekar"]
[Result "0-1"]
[WhiteElo "2340"]
[BlackElo "2213"]
[PlyCount "78"]
[EventDate "2008.09.28"]

1. e4 e6 2. d4 d5 3. Nc3 Nc6 4. Nf3 Nf6 5. Bd3 Bb4 6. e5 Ne4 7. Bd2 Nxd2 8.
Qxd2 f6 9. O-O O-O 10. a3 Be7 11. Rfe1 f5 12. b4 a6 13. Ne2 b5 14. a4 Nxb4 15.
axb5 a5 16. c4 g5 17. h3 Bd7 18. c5 Be8 19. Ra3 g4 20. Nh2 Bg5 21. Qc3 gxh3 22.
f4 Bh6 23. g3 Kh8 24. Rea1 Rg8 25. Kf2 Bh5 26. Nf3 Qe8 27. Rh1 Bg4 28. Neg1
Bxf3 29. Nxf3 Rxg3 30. Kxg3 Qg6+ 31. Ng5 Bxg5 32. Be2 Be7+ 33. Kxh3 Qh6+ 34.
Kg2 Rg8+ 35. Qg3 Qxf4 36. Qxg8+ Kxg8 37. Rg3+ Bg5 38. b6 cxb6 39. cxb6 h6 0-1

[Event "COMMONWEALTH CHESS CHAMPIONSHI"]
[Site "Nagpur,India"]
[Date "2008.10.03"]
[Round "8.34"]
[White "Girish, A  Koushik"]
[Black "Sangma, Rahul"]
[Result "0-1"]
[WhiteElo "2108"]
[BlackElo "2339"]
[PlyCount "50"]
[EventDate "2008.09.28"]

1. d4 Nf6 2. Nf3 e6 3. c4 b6 4. g3 Ba6 5. b3 Bb4+ 6. Bd2 Be7 7. Bg2 c6 8. O-O
d5 9. Qc2 O-O 10. Bc3 dxc4 11. bxc4 Bxc4 12. Ne5 Bb5 13. a4 Ba6 14. Bxc6 Nxc6
15. Nxc6 Qd7 16. Nxe7+ Qxe7 17. Bb2 Rfc8 18. Qd2 Ne4 19. Qd3 Nd6 20. Na3 Qd7
21. d5 exd5 22. Qxd5 Ne8 23. Rfd1 Qxa4 24. Rd4 Qc6 25. e4 Qf6 0-1

[Event "COMMONWEALTH CHESS CHAMPIONSHI"]
[Site "Nagpur,India"]
[Date "2008.10.03"]
[Round "8.35"]
[White "Pranav, Shetty"]
[Black "Akshat, Khamparia"]
[Result "0-1"]
[WhiteElo "2138"]
[BlackElo "2305"]
[PlyCount "43"]
[EventDate "2008.09.28"]

1. e4 Nf6 2. e5 Nd5 3. d4 d6 4. Nf3 Nc6 5. c4 Nb6 6. e6 fxe6 7. Nc3 g6 8. h4
Bg7 9. Be3 O-O 10. h5 e5 11. d5 Nd4 12. Nxd4 exd4 13. Bxd4 e5 14. Be3 gxh5 15.
Qxh5 Bf5 16. O-O-O Bg6 17. Qh4 Qe8 18. Be2 e4 19. Rh3 Na4 20. Bd4 Bxd4 21. Rxd4
Nxc3 22. bxc3 {SCORE SHEET IS NOT CLEAR} 0-1

[Event "COMMONWEALTH CHESS CHAMPIONSHI"]
[Site "Nagpur,India"]
[Date "2008.10.03"]
[Round "8.36"]
[White "Praveen Kumar, C."]
[Black "Gusain, Himal"]
[Result "1/2-1/2"]
[WhiteElo "2302"]
[BlackElo "2108"]
[PlyCount "96"]
[EventDate "2008.09.28"]

1. d4 d5 2. c4 e6 3. cxd5 exd5 4. Nc3 c6 5. Nf3 Bf5 6. Bf4 Bd6 7. Bg3 Bxg3 8.
hxg3 Nf6 9. e3 Qb6 10. Bd3 Qxb2 11. Bxf5 Qxc3+ 12. Kf1 Qa5 13. Qc2 g6 14. Bd3
Nbd7 15. Rb1 Qc7 16. Qb2 b6 17. Rh4 Kf8 18. Rc1 Qd6 19. Ba6 c5 20. dxc5 bxc5
21. Qa3 Kg7 22. Bb5 a6 23. Bxd7 Nxd7 24. Rf4 Rhc8 25. Rd1 Qc6 26. g4 Rc7 27. g5
Re8 28. Kg1 Re4 29. Qb2+ f6 30. Rxe4 dxe4 31. Nd2 Qd5 32. Qc2 Qxg5 33. Nxe4 Qe5
34. Qa4 Nb6 35. Qxa6 Qxe4 36. Qxb6 Qc6 37. Qxc6 Rxc6 38. Kf1 Kf7 39. Ke2 Ke6
40. e4 Ra6 41. Rd2 Ke5 42. f3 Kf4 43. Kf2 f5 44. Re2 Ke5 45. exf5+ Kxf5 46. g4+
Kf6 47. Rc2 Ke6 48. Rxc5 Rxa2+ 1/2-1/2

[Event "COMMONWEALTH CHESS CHAMPIONSHI"]
[Site "Nagpur,India"]
[Date "2008.10.03"]
[Round "8.37"]
[White "Karavade, Eesha"]
[Black "Vaibhav, Suri"]
[Result "1/2-1/2"]
[WhiteElo "2297"]
[BlackElo "2081"]
[PlyCount "43"]
[EventDate "2008.09.28"]

1. d4 Nf6 2. c4 e6 3. Nf3 d5 4. Nc3 Bb4 5. cxd5 exd5 6. Bg5 Nbd7 7. e3 O-O 8.
Bd3 c5 9. O-O Qa5 10. Qc2 c4 11. Bf5 Re8 12. Nd2 g6 13. Bxd7 Nxd7 14. f3 Nb6
15. e4 Bxc3 16. Qxc3 Qxc3 17. bxc3 Bd7 18. Rab1 Bc6 19. Rb4 Kg7 20. Bf4 Re7 21.
Bd6 Rd7 22. Bg3 1/2-1/2

[Event "COMMONWEALTH CHESS CHAMPIONSHI"]
[Site "Nagpur,India"]
[Date "2008.10.03"]
[Round "8.38"]
[White "Akshayraj, Kore"]
[Black "Devangi, Patankar"]
[Result "1-0"]
[WhiteElo "2392"]
[BlackElo "2028"]
[PlyCount "97"]
[EventDate "2008.09.28"]

1. e4 c5 2. Nf3 d6 3. c3 Nf6 4. Be2 g6 5. O-O Bg7 6. Re1 O-O 7. Bf1 Nc6 8. h3
Qb6 9. Na3 Re8 10. Nc4 Qc7 11. Ne3 e6 12. Qc2 Qb6 13. b3 e5 14. Bb2 Be6 15. Ng5
Rad8 16. Nxe6 fxe6 17. d3 d5 18. Rac1 Rd7 19. exd5 exd5 20. g3 Qd8 21. Bg2 Rf8
22. Re2 Kh8 23. Rce1 Rdf7 24. a3 d4 25. Nc4 Nd5 26. cxd4 exd4 27. Bxd5 Qxd5 28.
Bc1 b5 29. Nd2 Ne5 30. f4 Nf3+ 31. Nxf3 Qxf3 32. Kh2 Rc7 33. Re8 Rc8 34. Rxf8+
Bxf8 35. Bb2 Bg7 36. Re4 c4 37. bxc4 bxc4 38. dxc4 Rd8 39. Qe2 Qxe2+ 40. Rxe2
Bf8 41. Kg2 Kg8 42. Kf3 Bc5 43. Ke4 Re8+ 44. Kd3 Rb8 45. Bxd4 Bxa3 46. c5 a5
47. Kc4 Kf7 48. Be5 Rc8 49. Bd6 1-0

[Event "COMMONWEALTH CHESS CHAMPIONSHI"]
[Site "Nagpur,India"]
[Date "2008.10.03"]
[Round "8.39"]
[White "Fenil, Shah"]
[Black "Panchanathan, Magesh Chandran"]
[Result "0-1"]
[WhiteElo "2129"]
[BlackElo "2486"]
[PlyCount "90"]
[EventDate "2008.09.28"]

1. e4 e5 2. Bc4 Nf6 3. d3 c6 4. Nf3 d6 5. O-O Be7 6. c3 O-O 7. Nbd2 d5 8. exd5
cxd5 9. Bb3 Nc6 10. Re1 Bd6 11. Nf1 h6 12. Ng3 Re8 13. Nh4 g6 14. h3 Bf8 15.
Nf3 Bg7 16. Be3 Kh7 17. d4 e4 18. Ne5 Qc7 19. f4 Na5 20. Ba4 Re7 21. Rf1 Nc4
22. Qe2 Nd7 23. Bb3 Ndb6 24. Rad1 Nd6 25. Bc1 f6 26. Ng4 Bxg4 27. hxg4 f5 28.
gxf5 gxf5 29. Be3 Rg8 30. Qh5 Rf7 31. Kf2 Rf6 32. Rh1 Bf8 33. Rh3 a5 34. a4
Nbc4 35. Rdh1 Qb6 36. Qd1 Nxb2 37. Qc2 Nd3+ 38. Kf1 Rfg6 39. Nh5 Qa6 40. Qe2
Nc4 41. R1h2 Rb6 42. Bc2 Rb2 43. Kg1 Qb6 44. Kh1 Nxe3 45. Rxe3 Rb1+ 0-1

[Event "COMMONWEALTH CHESS CHAMPIONSHI"]
[Site "Nagpur,India"]
[Date "2008.10.03"]
[Round "8.40"]
[White "Tejas Ravichandran"]
[Black "Ramakrishna, J."]
[Result "1-0"]
[WhiteElo "2123"]
[BlackElo "2321"]
[PlyCount "73"]
[EventDate "2008.09.28"]

1. Nf3 c5 2. c4 Nc6 3. Nc3 g6 4. d4 cxd4 5. Nxd4 Bg7 6. e3 Nf6 7. Be2 O-O 8.
O-O d6 9. b3 Nxd4 10. exd4 d5 11. Bb2 dxc4 12. bxc4 Qb6 13. Qd2 Bf5 14. Rad1
Rac8 15. Rfe1 Rfd8 16. Bf1 Bg4 17. f3 Be6 18. Na4 Qc7 19. Nc5 Bf5 20. Qe3 b6
21. Nb3 e6 22. Rc1 h5 23. Qf2 Qd7 24. Rcd1 Qa4 25. Ba1 b5 26. c5 Nd5 27. Qe2
Nb4 28. Qxb5 Qxb5 29. Bxb5 Nc2 30. Re2 Nxa1 31. Rxa1 Rxd4 32. Rc1 Rf4 33. Bd7
Rc7 34. c6 Kf8 35. h3 h4 36. Rd1 Ke7 37. Kh1 {SCORE SHEET IS NOT LEGIBLE} 1-0

[Event "COMMONWEALTH CHESS CHAMPIONSHI"]
[Site "Nagpur,India"]
[Date "2008.10.03"]
[Round "8.42"]
[White "Rahman, Syed Mahfuzur"]
[Black "Pon, N  Krithika"]
[Result "1-0"]
[WhiteElo "2297"]
[BlackElo "2156"]
[PlyCount "71"]
[EventDate "2008.09.28"]

1. e4 Nf6 2. e5 Nd5 3. d4 d6 4. c4 Nb6 5. exd6 cxd6 6. Nc3 g6 7. Be3 Bg7 8. Be2
O-O 9. Rc1 e5 10. dxe5 dxe5 11. Qxd8 Rxd8 12. c5 N6d7 13. Nb5 Nc6 14. Bc4 Nf8
15. Nd6 Ne6 16. Ne2 Bf8 17. Nxc8 Raxc8 18. Bxe6 fxe6 19. Ng3 Nd4 20. Ne4 Rc6
21. f3 Be7 22. b4 Ra6 23. Nc3 Ra3 24. Kf2 Nf5 25. Rc2 Nxe3 26. Kxe3 Bg5+ 27.
Ke2 Rd4 28. Ne4 Bf4 29. b5 Rdd3 30. Kf2 Rd8 31. c6 Rad3 32. cxb7 Rb8 33. Rc8+
Rd8 34. Rxd8+ Rxd8 35. Rd1 Rb8 36. Nd6 1-0

[Event "COMMONWEALTH CHESS CHAMPIONSHI"]
[Site "Nagpur,India"]
[Date "2008.10.03"]
[Round "8.43"]
[White "Gahan, M G."]
[Black "Debashis, Das"]
[Result "0-1"]
[WhiteElo "2114"]
[BlackElo "2294"]
[PlyCount "63"]
[EventDate "2008.09.28"]

1. e4 c5 2. Nc3 d6 3. f4 g6 4. Nf3 Bg7 5. Bc4 Nc6 6. O-O e6 7. f5 Nge7 8. fxe6
Bxe6 9. Bxe6 fxe6 10. Ng5 Qd7 11. d3 Ne5 12. Bf4 N7c6 13. Nf3 O-O 14. Nxe5 Nxe5
15. Qd2 Rf7 16. Bh6 Bxh6 17. Qxh6 Raf8 18. Qd2 Nc6 19. Ne2 d5 20. Rxf7 Rxf7 21.
exd5 Qxd5 22. Qe3 Nb4 23. Nc3 Qd4 24. Qxd4 cxd4 25. Nb5 Nxc2 26. Rc1 Nb4 27.
Nxd4 Nxd3 28. Rc3 Nf4 29. Re3 Re7 30. Nb3 b6 31. g3 Nd5 32. Re1 0-1

[Event "COMMONWEALTH CHESS CHAMPIONSHI"]
[Site "Nagpur,India"]
[Date "2008.10.03"]
[Round "8.44"]
[White "Arun, Karthik R"]
[Black "Sahoo, Utkal Ranjan"]
[Result "1/2-1/2"]
[WhiteElo "2277"]
[BlackElo "2124"]
[PlyCount "82"]
[EventDate "2008.09.28"]

1. e4 e5 2. Nf3 Nc6 3. Bb5 a6 4. Ba4 Nf6 5. O-O Be7 6. Re1 b5 7. Bb3 d6 8. c3
O-O 9. h3 Be6 10. d4 Bxb3 11. axb3 exd4 12. cxd4 d5 13. e5 Ne4 14. Nc3 Bb4 15.
Qc2 Bxc3 16. bxc3 f6 17. Rxe4 dxe4 18. Qxe4 Qe8 19. e6 Ne7 20. Ba3 a5 21. Bc5
Qd8 22. c4 c6 23. Rd1 Re8 24. d5 cxd5 25. cxd5 Qc7 26. Bxe7 Qxe7 27. Nd4 Qb4
28. Qd3 a4 29. Qxb5 Qxb5 30. Nxb5 axb3 31. Rb1 Rad8 32. Rxb3 Rxd5 33. Nc7 Rd1+
34. Kh2 Rc8 35. e7 Re1 36. e8=Q+ Rcxe8 37. Nxe8 Rxe8 38. Rb7 Kf8 39. Kg3 Re7
40. Rxe7 Kxe7 41. Kf4 Ke6 1/2-1/2

[Event "COMMONWEALTH CHESS CHAMPIONSHI"]
[Site "Nagpur,India"]
[Date "2008.10.03"]
[Round "8.45"]
[White "Ramnathan, Balasubramaniam"]
[Black "Abhishek, Kelkar"]
[Result "0-1"]
[WhiteElo "2271"]
[BlackElo "2120"]
[PlyCount "68"]
[EventDate "2008.09.28"]

1. d4 d5 2. Nf3 Nf6 3. g3 c6 4. Bg2 Bg4 5. O-O Nbd7 6. Nbd2 e6 7. c4 Bd6 8. b3
Bxf3 9. Bxf3 h5 10. Bb2 h4 11. e4 dxe4 12. Nxe4 Nxe4 13. Bxe4 f5 14. Bg2 Qg5
15. f4 Qh6 16. d5 hxg3 17. h3 Nf6 18. dxc6 Ne4 19. c5 Bxc5+ 20. Bd4 Rd8 21. c7
Rxd4 22. c8=Q+ Rd8+ 23. Qxc5 Nxc5 24. Qe2 O-O 25. Qe3 Ne4 26. Rad1 Rxd1 27.
Rxd1 Nf2 28. Rd7 Nxh3+ 29. Bxh3 Qxh3 30. Qxe6+ Kh7 31. Qe2 Re8 32. Qd2 Re1+ 33.
Qxe1 Qh2+ 34. Kf1 g2+ 0-1

[Event "COMMONWEALTH CHESS CHAMPIONSHI"]
[Site "Nagpur,India"]
[Date "2008.10.03"]
[Round "8.46"]
[White "Ajith, M P."]
[Black "Premnath, R."]
[Result "0-1"]
[WhiteElo "2104"]
[BlackElo "2257"]
[PlyCount "122"]
[EventDate "2008.09.28"]

1. d4 Nf6 2. Nf3 e6 3. c3 b6 4. g3 Bb7 5. Bg2 Be7 6. O-O O-O 7. Nbd2 c5 8. dxc5
bxc5 9. Qc2 d5 10. Ne5 Qc7 11. f4 Bd6 12. Ndf3 Ne4 13. Be3 Nc6 14. Nxc6 Bxc6
15. b4 Bb7 16. b5 Qa5 17. c4 Qc3 18. Qxc3 Nxc3 19. Ne5 Nxe2+ 20. Kf2 Nc3 21. a4
f6 22. Nd3 Rac8 23. a5 Rf7 24. a6 Ba8 25. Rfc1 d4 26. Bxa8 Rxa8 27. Bd2 Ne4+
28. Ke2 e5 29. Ba5 Re7 30. Kf3 Nc3 31. Bxc3 e4+ 32. Kf2 exd3 33. Ba5 Re2+ 34.
Kg1 g5 35. fxg5 fxg5 36. Rd1 Rc2 37. Rxd3 Rxc4 38. Re1 Ra4 39. Bd2 g4 40. Re4
h5 41. Kg2 Kf7 42. h3 Rg8 43. hxg4 hxg4 44. Be1 Ra2+ 45. Rd2 Rxd2+ 46. Bxd2 Kf6
47. Ba5 Kf5 48. Re1 c4 49. Rf1+ Ke6 50. b6 axb6 51. Bxb6 d3 52. Rd1 Kd5 53. a7
Be5 54. Kf2 Re8 55. Rh1 Rf8+ 56. Kg2 d2 57. Ba5 Ra8 58. Bxd2 Rxa7 59. Bf4 Ra2+
60. Kf1 Bxf4 61. gxf4 c3 0-1

[Event "COMMONWEALTH CHESS CHAMPIONSHI"]
[Site "Nagpur,India"]
[Date "2008.10.03"]
[Round "8.47"]
[White "Majumdar, Chandrasish"]
[Black "Padmini, Rout"]
[Result "0-1"]
[WhiteElo "2050"]
[BlackElo "2256"]
[PlyCount "106"]
[EventDate "2008.09.28"]

1. e4 c5 2. Nf3 d6 3. d4 cxd4 4. Nxd4 Nf6 5. f3 a6 6. c4 e6 7. Nc3 Be7 8. Be2
O-O 9. Be3 b6 10. O-O Bb7 11. Qd2 Nbd7 12. Rac1 Rc8 13. Rfd1 Qc7 14. a3 Qb8 15.
b4 Rfd8 16. Nb3 Bf8 17. Qd4 Bc6 18. Bf2 Qa8 19. Be3 Qb8 20. Bf2 Ba8 21. Bg3 Ne5
22. Na4 Nfd7 23. Bh4 f6 24. Bf2 a5 25. Nxb6 Nc6 26. Qe3 Nxb6 27. Qxb6 axb4 28.
axb4 Nxb4 29. Qxb8 Rxb8 30. Nd4 Kf7 31. Nb5 Rbc8 32. Bb6 Rd7 33. c5 d5 34. Na7
Rb8 35. Bb5 Rxa7 36. Bxa7 Rxb5 37. Rb1 Bc6 38. Rb2 Rb7 39. Bb6 Na6 40. exd5
Bxd5 41. Rbb1 Bxc5+ 42. Bxc5 Rxb1 43. Rxb1 Nxc5 44. Kf2 g5 45. Ke3 Kg6 46. Rc1
Nd7 47. Rc7 Ne5 48. h3 h5 49. Rc8 h4 50. Rc2 Kf5 51. Rc3 Nc4+ 52. Kf2 Kf4 53.
Rd3 Nd6 0-1

[Event "COMMONWEALTH CHESS CHAMPIONSHI"]
[Site "Nagpur,India"]
[Date "2008.10.03"]
[Round "8.48"]
[White "Mari Arul, S."]
[Black "Divyasri, Ch"]
[Result "1/2-1/2"]
[WhiteElo "2249"]
[BlackElo "2081"]
[PlyCount "65"]
[EventDate "2008.09.28"]

1. e4 e5 2. Nf3 Nc6 3. Bc4 Bc5 4. c3 Nf6 5. d3 a6 6. Bb3 Ba7 7. h3 d6 8. Nbd2
O-O 9. O-O h6 10. Re1 Nh5 11. Nc4 Qf6 12. Ne3 Nf4 13. Nd5 Nxd5 14. exd5 Ne7 15.
d4 Ng6 16. Be3 exd4 17. Bxd4 Qf4 18. Bxa7 Rxa7 19. Qd4 Qxd4 20. cxd4 Bd7 21.
Rac1 Rc8 22. Rc3 Kf8 23. Nd2 a5 24. a4 b5 25. axb5 Rb8 26. Rec1 Bxb5 27. Rxc7
Rxc7 28. Rxc7 Nf4 29. Ra7 Ne2+ 30. Kh2 Nxd4 31. Rxa5 Nxb3 32. Nxb3 Bd3 33. Nd4
1/2-1/2